Sharing God`s Word With a Muslim (Record no. 7877)

MARC details
000 -LEADER
fixed length control field 00585nam a2200241 a 4500
020 ## - INTERNATIONAL STANDARD BOOK NUMBER
ISBN
082 00 - DEWEY DECIMAL CLASSIFICATION NUMBER
Classification number 239
Author Cutter MAD
100 ## - MAIN ENTRY--AUTHOR NAME
Author name Madany, Bassam
245 ## - TITLE STATEMENT
Title Sharing God`s Word With a Muslim
260 ## - PUBLICATION, DISTRIBUTION, ETC. (IMPRINT)
Place of publication Canada
Name of publisher Fellowship of Faith
Year of publication 1981
300 ## - PHYSICAL DESCRIPTION
Number of Pages 92p
500 ## - GENERAL NOTE
General note includes index and biblioraphy
505 2# - FORMATTED CONTENTS NOTE
Formatted contents note Bibliograpphy, Index
650 ## - SUBJECT ADDED ENTRY--TOPICAL TERM
Topical Term Apologetics
942 ## - ADDED ENTRY ELEMENTS (KOHA)
Koha item type Books
700 1# -
-- Madany, Bassam
Holdings
Collection code Home library Current library Date acquired Cost, normal purchase price Full call number Accession Number Koha item type
  Henry Martyn Institute Library Henry Martyn Institute Library 06/21/2007 100.00 239 MAD 010528 Books
                   Copyright © 2026 | Henry Martyn Institute | Hyderabad | TS-500052 | INDIA | Implemented by hmi.edu.in
Hit-Count:

Powered by Koha